| 000 | 00000nam##2200000za#4500 |
| 001 | 9.581207 |
| 003 | CaOODSP |
| 005 | 20210624191416 |
| 007 | cr ||||||||||| |
| 008 | 150406|1986||||xxc|||||o f|0| 0 eng|d |
| 040 | |aCaOODSP|beng |
| 043 | |an-cn--- |
| 086 | 1 |aFs97-14/167-1986E-PDF |
| 110 | 1 |aCanada. |bDepartment of Fisheries and Oceans. |
| 245 | 10|aEvaluation of the feasibility of a lake whitefish trap net fishery in the east arm of Great Slave Lake, Northwest Territories / |h[electronic resource]|cby M.M. Roberge, S. Matkowski and W.J. Ward. |
| 260 | |aWinnipeg - Manitoba : |bFisheries and Oceans Canada |c1986. |
| 300 | |a54p.|bfigs., references, tables |
| 490 | 1 |aCanadian industry report of fisheries and aquatic sciences|vNo. 167 |
| 500 | |aFile reproduced from original print. On t. p. : Western Region, Winnipeg, Manitoba, The catalogue number and ISSN for the print edition appear in the PDF version. |
| 546 | |a(Résumé en français.) |
| 590 | |a14-20-Supp|b2014-11-25 |
| 720 | 1 |aWard, W. J. |
| 720 | 1 |aRoberge, M. M. |
| 720 | 1 |aMatkowski, S. |
| 830 | #0|aCanadian industry report of fisheries and aquatic sciences ;|vNo. 167|w(CaOODSP)9.505199 |
| 856 | 40|ahttp://publications.gc.ca|qPDF|s1986 KB|uhttps://publications.gc.ca/collections/collection_2014/mpo-dfo/Fs97-14-167-1986-eng.pdf|yNo. 167 |